000 00322nam a2200133Ia 4500
008 240624s9999 xx 000 0 und d
041 _aeng
082 _a823 HAM
100 _aHAMILTON DENISE
245 _aLOS ANGELS NOIR
260 _c2007
_aNew Delhi
_bAkashic Books
300 _a348 : p. : cm. ; 21
365 _cRS
_b25
999 _c18604
_d18604